Statistics for London tube stations on the Circle line

Click here to take the quiz!

General Stats

  • This quiz has been taken 128 times
  • The average score is 22 of 35

Answer Stats

HintAnswer% Correct
Visit the famous detective hereBSBaker Street
95%
Second longest British reigning monarchVVictoria
89%
Place of worshipTTemple
86%
Take him some marmalade sandwichesPPaddington
85%
See Big BenWWestminster
82%
Big houseMHMansion House
81%
Arts centre in the CityBBarbican
78%
A Monopoly stationLSLiverpool Street
74%
Home to the Victoria & Albert MuseumSKSouth Kensington
74%
Place for a horse shoerFFarringdon
72%
Pillar showing the start of the Great Fire of LondonMMonument
72%
Edge of the riverEEmbankment
71%
Rectangle to catch a train to ManchesterESEuston Square
70%
Alight here to visit the ravensTHTower Hill
70%
Home of Derry & Toms and Barkers storesHSKHigh Street Kensington
69%
Angry monarch heading for the continentKCSPKings Cross St Pancras
69%
You might see William Thacker here!NHGNotting Hill Gate
69%
Not little and not in DorsetGPSGreat Portland Street
67%
Rectangle for the "Rangers"!SSSloane Square
66%
Close to Petticoat LaneAAldgate
65%
Dark coloured monksBBlackfriars
63%
British tree for a monarchRORoyal Oak
63%
Place for a large weaponCSCannon Street
62%
Biscay and Naples could be described thusBBayswater
60%
Take this road to an English countyGRGloucester Road
57%
A Saint can park hereSJPSt James's Park
55%
Rim of china?EREdgware Road
51%
Not less of an entrance!MMoorgate
48%
Stunted tree and shopping place for someone who looks after sheepSBMShepherds Bush Market
45%
A tool for a horse shoerHHammersmith
41%
Not east, come into this world, and leave your carWPWestbourne Park
33%
A thoroughfare for a treeWLWood Lane
32%
Boy with no money in woodsLGLadbroke Grove
29%
Not where he was burnt to the stake with RidleyLRLatimer Road
22%
A thoroughfare for an Au-falconGRGoldhawk Road
21%

Score Distribution

Percentile by Number Answered

Percent of People with Each Score

Your Score History

You have not taken this quiz